000 005690000a22001930004500
020 _a84-7645-245-4
041 0 _aSPA
082 0 4 _aG 253.52 D427p
100 1 _aDeratany, Edward
245 1 0 _aPor qué temer? : Liberación del temor en el lugar secreto / Edward Deratany ; Samuel Vila, Traductor
260 _aTerrassa, Barcelona, España : CLIE
300 _a144 Pag
500 _aTítulo original : Why fear?
001 6496
942 _cBK
999 _c36766
_d36766
336 _atexto
_btxt
_2rdacontent
337 _2rdamedia
_asin mediación
_bn
338 _2rdacarrier
_avolumen
_bnc